000 00340 a2200169 4500
001 45298
020 _a8526006231
040 _cAnchieta - Aquarius
100 _aDunkle, Margaret
240 1 0 _aEcologia
_lpor
245 1 0 _aEcologia
300 _a
362 0 _a2000
440 1 _aGlobal
650 4 _aLiteratura juvenil
942 _cBK
999 _c45298
_d45298